|
|
|
|
| LEADER |
01572nam a2200337 a 4500 |
| 001 |
4462882 |
| 008 |
090611s1996 ilua 000 0 eng d |
| 010 |
|
|
|a 95194553
|
| 020 |
|
|
|a 0256188068
|
| 040 |
|
|
|a DLC
|c DLC
|
| 082 |
0 |
0 |
|a 658.4/08
|2 20
|
| 999 |
|
|
|c 1316
|d 1316
|
| 999 |
|
|
|c 1316
|
| 245 |
0 |
0 |
|a Stakeholder negotiations :
|b exercises in sustainable development /
|c Alan R. Beckenstein ... [et al.].
|
| 260 |
|
|
|a Chicago :
|b Irwin,
|c c1996.
|
| 300 |
|
|
|a ix, 170 p. :
|b ill. ;
|c 28 cm.
|
| 490 |
0 |
|
|a The sustainable enterprise series
|
| 504 |
|
|
|a Includes bibliographical references.
|
| 541 |
1 |
|
|e 00008040
|
| 650 |
|
0 |
|a Industrial management
|x Environmental aspects
|x Case studies.
|9 6176
|
| 650 |
|
0 |
|a Social responsibility of business
|x Case studies.
|9 6177
|
| 650 |
|
0 |
|a Sustainable development
|x Case studies.
|9 6178
|
| 700 |
1 |
|
|a Beckenstein, Alan R.
|9 6179
|
| 700 |
1 |
|
|a Frederick, J. Long
|9 6180
|
| 700 |
1 |
|
|a Matthew, B. Arnold
|9 6181
|
| 700 |
1 |
|
|a Thomas, N. Gladwin.
|9 6182
|
| 852 |
4 |
|
|a Ayesha Abed Library
|j General shelf
|
| 942 |
|
|
|2 ddc
|c BK
|
| 952 |
|
|
|0 0
|1 0
|2 ddc
|4 0
|6 658_408000000000000_STA
|7 0
|9 1198
|a BRACUL
|b BRACUL
|c GEN
|d 2009-06-25
|g 0.00
|l 1
|m 1
|o 658.408 STA
|p 3010008040
|r 2012-11-15
|s 2012-11-06
|t 1
|w 2009-06-25
|y BK
|x No price found in the accession register.
|
| 952 |
|
|
|0 0
|1 0
|2 ddc
|4 0
|6 658_408000000000000_STA
|7 0
|9 43254
|a SCL
|b SCL
|c GEN
|d 2002-06-03
|l 0
|o 658.408 STA
|p 3020003909
|r 2014-07-17
|t 2
|w 2014-07-17
|y BK
|
| 952 |
|
|
|0 0
|1 0
|2 ddc
|4 0
|6 658_408000000000000_STA
|7 0
|9 44198
|a BRACUL
|b BRACUL
|c GEN
|d 2014-11-24
|l 0
|o 658.408 STA
|p 3010008039
|r 2014-11-24
|t 3
|w 2014-11-24
|y BK
|